000 00731nam a2200217Ia 4500
003 GCL
008 140319s9999 xx 000 0 ara d
040 _aGCL /
_cGCL
082 0 4 _a629.2
_bهـ هـ
100 1 _aمحمد عبدالمجيد نصار (مترجم)
245 1 0 _aهندسة السيارات /
_cمحمد عبدالمجيد نصار (مترجم)
700 1 _aانور محمود عبد الواحد
700 1 _aسيجفريد هيمان
260 _a[S.N] :
_bفرانز شتاينر بفيسبادن
300 _a222 ص
490 _aالاسس التكنولوجية
_v0
650 0 4 _aالسيارات
650 0 4 _aهندسة السيارات
650 0 4 _aصناعة وتجارة
942 _2ddc
_cBK
999 _c52559
_d52559